Particulars, plan and conditions of sale of the important and centrally situated freehold property comprising H.M. Prison together with four dwelling houses and grounds covering an area of approximately 6 acres, 1 rood, 11 perches situate at Derby which, unless previously disposed of by Private Treaty, will be offered for sale by public auction in one lot by Messrs. J. and W. Heathcote, F.A.I. at The Mart, Exchange Buildings, Derby at 3 p.m. on Friday the 12th day of July 1929... (Record no. 116505)

MARC details
000 -LEADER
fixed length control field 01080cam a22002055a 4500
001 - CONTROL NUMBER
control field L140861
008 - FIXED-LENGTH DATA ELEMENTS--GENERAL INFORMATION
fixed length control field 071016s1929 xxk eng u
035 ## - SYSTEM CONTROL NUMBER
System control number (Sirsi) u140861
041 0# - LANGUAGE CODE
Language code of text/sound track or separate title eng
110 2# - MAIN ENTRY--CORPORATE NAME
Corporate name or jurisdiction name as entry element J and W Heathcote
9 (RLIN) 5393
245 00 - TITLE STATEMENT
Title Particulars, plan and conditions of sale of the important and centrally situated freehold property comprising H.M. Prison together with four dwelling houses and grounds covering an area of approximately 6 acres, 1 rood, 11 perches situate at Derby which, unless previously disposed of by Private Treaty, will be offered for sale by public auction in one lot by Messrs. J. and W. Heathcote, F.A.I. at The Mart, Exchange Buildings, Derby at 3 p.m. on Friday the 12th day of July 1929...
260 ## - PUBLICATION, DISTRIBUTION, ETC.
Place of publication, distribution, etc. S.l.
Name of publisher, distributor, etc. s.n.
Date of publication, distribution, etc. [1929]
300 ## - PHYSICAL DESCRIPTION
Extent 9 p.
Other physical details map
Dimensions 34 cm. +
Accompanying material 1 plan (col., 74 x 61 cm.)
340 ## - PHYSICAL MEDIUM
Material base and configuration Printed
351 ## - ORGANIZATION AND ARRANGEMENT OF MATERIALS
Hierarchical level Single item
500 ## - GENERAL NOTE
General note Plan is housed in a pocket inside the rear cover.
651 4# - SUBJECT ADDED ENTRY--GEOGRAPHIC NAME
Geographic name Derbyshire
690 ## - LOCAL SUBJECT ADDED ENTRY--TOPICAL TERM (OCLC, RLIN)
Topical term or geographic name as entry element PROPERTY-PROPERTY ACQUISITION AND DISPOSAL-ACQUISITION AND DISPOSAL AT AUCTION
942 ## - ADDED ENTRY ELEMENTS (KOHA)
Suppress in OPAC 0
Holdings
Withdrawn status Lost status Source of classification or shelving scheme Damaged status Not for loan Home library Current library Shelving location Date acquired Total Checkouts Full call number Barcode Date last seen Copy number Price effective from Koha item type
    Dewey Decimal Classification     London London Basement 16/10/2007   BASEMENT BOX 2 30013149 06/08/2019 1 06/08/2019 Archive